[Event "Youth Classic 2019 - Youth Open U14"]
[Site "Bad Soden, Hasselgrundhalle"]
[Date "2019.10.03"]
[Round "1.25"]
[White "Papadopoulos, Leon"]
[Black "Pöpplow, Peer"]
[Result "1-0"]
[WhiteElo "1388"]
[BlackElo "816"]
[PlyCount "111"]
[EventDate "2019.??.??"]
[WhiteTeam "SV Oberursel"]
[BlackTeam "Chess Tigers"]

1. e4 e5 2. Nf3 Nc6 3. d4 Nf6 4. Nc3 Bb4 5. a3 Bxc3+ 6. bxc3 Nxe4 7. dxe5 d6 8.
Qd3 Nxf2 9. Kxf2 O-O 10. Qe4 Re8 11. Bd3 g6 12. h4 Bf5 13. Qf4 Bxd3 14. cxd3
dxe5 15. Qg3 Qxd3 16. h5 Ne7 17. Nxe5 Qxg3+ 18. Kxg3 Nf5+ 19. Kf4 Ng7 20. Nf3
gxh5 21. Ng5 h6 22. Nf3 Rad8 23. Kg3 Nf5+ 24. Kf2 Rd3 25. Rxh5 Ng7 26. Rc5 b6
27. Rxc7 a5 28. Bxh6 Rf8 29. Bxg7 Kxg7 30. Rc6 Rb8 31. Rb1 b5 32. Rc5 a4 33.
Ra1 f6 34. Ke2 Rd6 35. Nd4 Kg6 36. Rxb5 Rxb5 37. Nxb5 Re6+ 38. Kd3 f5 39. Kd4
Re4+ 40. Kd5 Kf6 41. Kc5 Re5+ 42. Kb4 Re2 43. Kxa4 Rxg2 44. Kb4 Rb2+ 45. Kc4
Ke5 46. Re1+ Kf4 47. Nd4 Ra2 48. Kb3 Rd2 49. a4 Kg4 50. a5 f4 51. a6 f3 52. a7
f2 53. Rf1 Kg3 54. a8=Q Kf4 55. Qf8+ Ke3 56. Qf3# 1-0

[Event "Youth Classic 2019 - Youth Open U14"]
[Site "Bad Soden, Hasselgrundhalle"]
[Date "2019.10.03"]
[Round "1.26"]
[White "Roos Nazario, Lukas"]
[Black "Yakubjanov, Damin"]
[Result "0-1"]
[WhiteElo "807"]
[BlackElo "1259"]
[PlyCount "120"]
[EventDate "2019.??.??"]
[WhiteTeam "TTC Grün-Weiß Fritzdorf"]
[BlackTeam "Schachakademie Trier"]

1. e4 e5 2. Nf3 Nc6 3. Nc3 Nf6 4. Be2 Be7 5. d3 O-O 6. O-O d6 7. Bd2 Bd7 8. Re1
a6 9. Bf1 Re8 10. Be3 Ng4 11. Bd2 Bh4 12. Nxh4 Qxh4 13. h3 Qxf2+ 14. Kh1 Nf6
15. Re2 Qh4 16. Be1 Qh5 17. Rf2 Qxd1 18. Rxd1 Nb4 19. a3 Nc6 20. Bd2 h6 21.
Bxh6 gxh6 22. Rxf6 Kg7 23. Rf3 Nd4 24. Rg3+ Kh8 25. Rd2 Rg8 26. Rxg8+ Rxg8 27.
Nd5 c6 28. Nf6 Rd8 29. c3 Ne6 30. Rf2 Kg7 31. Nh5+ Kg6 32. Be2 Rf8 33. h4 f5
34. exf5+ Rxf5 35. Bf3 Rxf3 36. Rxf3 Kxh5 37. g3 c5 38. Kh2 Bc6 39. Rf6 Bd7 40.
Kg2 b5 41. Kf3 Bc6+ 42. Kf2 Bd5 43. c4 bxc4 44. dxc4 Bxc4 45. Ke3 a5 46. Ke4
d5+ 47. Kxe5 d4 48. Kf5 d3 49. g4+ Kxh4 50. Rxh6+ Kg3 51. Rh1 Bb3 52. g5 Nxg5
53. Kxg5 d2 54. Rg1+ Kf2 55. Ra1 d1=Q 56. Rxd1 Bxd1 57. Kf5 Ke3 58. Ke5 c4 59.
Kd5 Kd3 60. Kc5 Bb3 0-1

[Event "Youth Classic 2019 - Youth Open U14"]
[Site "Bad Soden, Hasselgrundhalle"]
[Date "2019.10.03"]
[Round "1.27"]
[White "Dittenberger, Nico"]
[Black "Meinecke, Isabella"]
[Result "1-0"]
[WhiteElo "1295"]
[BlackElo "800"]
[PlyCount "109"]
[EventDate "2019.??.??"]
[WhiteTeam "SC Landskrone"]
[BlackTeam "SV Turm Sankt Augustin"]

1. e4 e5 2. Nf3 Nc6 3. Bc4 Nf6 4. Ng5 d5 5. exd5 Nxd5 6. Nxf7 Kxf7 7. Qf3+ Ke6
8. Nc3 Ncb4 9. Qe4 c6 10. Qg4+ Kd6 11. Qe4 g6 12. Bxd5 Nxd5 13. Qd3 Bf5 14.
Ne4+ Bxe4 15. Qxe4 Nf6 16. Qb4+ Kc7 17. Qa5+ b6 18. Qxe5+ Bd6 19. Qc3 Qe7+ 20.
Qe3 Rae8 21. O-O Bc5 22. d4 Nd5 23. Qd3 Bd6 24. c4 Nb4 25. Qb3 Qe1 26. Bf4 Qe6
27. Bxd6+ Qxd6 28. a3 Na6 29. Qa4 Kb7 30. b4 Re2 31. b5 cxb5 32. Qxb5 Qxd4 33.
c5 Qxc5 34. Qxe2 Rd8 35. Qf3+ Kb8 36. Qf4+ Ka8 37. Qh4 Rd7 38. Qe4+ Kb8 39.
Qe8+ Qc8 40. Qxc8+ Kxc8 41. Rac1+ Kb7 42. Rfd1 Re7 43. Re1 Rd7 44. Rcd1 Rc7 45.
g3 Nb8 46. Re6 a5 47. Rdd6 b5 48. Rb6+ Kc8 49. Re8+ Kd7 50. Rexb8 b4 51. axb4
axb4 52. Rxb4 h5 53. R8b7 Rxb7 54. Rxb7+ Ke6 55. Rb6+ 1-0

[Event "Youth Classic 2019 - Youth Open U14"]
[Site "Bad Soden, Hasselgrundhalle"]
[Date "2019.10.03"]
[Round "1.28"]
[White "Malsy, Lotte"]
[Black "Kanno, Clara Yumi"]
[Result "0-1"]
[WhiteElo "793"]
[BlackElo "1142"]
[PlyCount "62"]
[EventDate "2019.??.??"]
[WhiteTeam "SC Bad Soden"]
[BlackTeam "SK Altenkirchen"]

1. e4 c5 2. Nf3 d6 3. Nc3 Nf6 4. Bb5+ Nc6 5. d4 cxd4 6. Nxd4 Bd7 7. Bf4 Nxd4 8.
Qxd4 e5 9. Qe3 exf4 10. Qxf4 Bxb5 11. Nxb5 Qa5+ 12. Nc3 Be7 13. O-O-O O-O 14.
Nd5 Nxd5 15. exd5 Qxa2 16. Qe4 Bg5+ 17. f4 Bh6 18. Qb4 g6 19. Qxd6 Qa1+ 20. Kd2
Qxb2 21. Rde1 Qd4+ 22. Kc1 Bxf4+ 23. Qxf4 Qxf4+ 24. Kb2 Rfc8 25. Rd1 Qb4+ 26.
Kc1 Qc3 27. Kb1 Qxc2+ 28. Ka1 Qa4+ 29. Kb1 Rc2 30. Rc1 Qb3+ 31. Ka1 Ra2# 0-1

[Event "Youth Classic 2019 - Youth Open U14"]
[Site "Bad Soden, Hasselgrundhalle"]
[Date "2019.10.03"]
[Round "1.29"]
[White "Akhmatovski, Maxim"]
[Black "Wagner, Maribel"]
[Result "1-0"]
[WhiteElo "1359"]
[BlackElo "760"]
[PlyCount "85"]
[EventDate "2019.??.??"]
[WhiteTeam "SV Oberursel"]
[BlackTeam "SC Bad Soden"]

1. d4 d5 2. c4 e6 3. Nc3 Nc6 4. e3 Nf6 5. Nf3 Bb4 6. Bd2 Bd7 7. a3 Ba5 8. b4
Bb6 9. c5 O-O 10. Bd3 a6 11. cxb6 cxb6 12. O-O a5 13. b5 Ne7 14. a4 Ng6 15.
Bxg6 fxg6 16. Ne5 Be8 17. Ne2 Nh5 18. Bc1 Qh4 19. Ba3 Rf5 20. Ng3 Nf6 21. Nxf5
gxf5 22. f3 Nh5 23. Qe1 Qg5 24. Qf2 f4 25. Ng4 fxe3 26. Qxe3 Nf4 27. Bd6 Qf5
28. Qxf4 Bg6 29. Qxf5 Bxf5 30. Ne5 Rd8 31. Bc7 Rf8 32. Bxb6 Ra8 33. Rac1 Bd3
34. Nxd3 Ra6 35. bxa6 bxa6 36. Ne5 h6 37. Rc7 Kh7 38. Rfc1 h5 39. f4 Kh6 40.
Ra7 h4 41. Rcc7 Kh5 42. Rxg7 Kh6 43. Rh7# 1-0

[Event "Youth Classic 2019 - Youth Open U14"]
[Site "Bad Soden, Hasselgrundhalle"]
[Date "2019.10.04"]
[Round "2.1"]
[White "Atar, Efecan"]
[Black "Klugstedt, Vincent C."]
[Result "0-1"]
[WhiteElo "1417"]
[BlackElo "1865"]
[PlyCount "68"]
[EventDate "2019.??.??"]
[WhiteTeam "SK Kerpen"]
[BlackTeam "SG Bochum"]

1. d4 Nf6 2. c4 e6 3. Nc3 Bb4 4. Qc2 d5 5. Nf3 O-O 6. Bg5 b6 7. e3 Bb7 8. cxd5
exd5 9. Bd3 Nbd7 10. Bxh7+ Kh8 11. Bd3 c5 12. O-O Bxc3 13. bxc3 Rc8 14. Qb2 Qc7
15. a4 Bc6 16. Bb5 Ne4 17. Bxc6 Qxc6 18. a5 b5 19. Rfb1 a6 20. Bf4 cxd4 21.
cxd4 Qc3 22. Ne5 Nxe5 23. Bxe5 f6 24. Bg3 Nxg3 25. hxg3 Qxb2 26. Rxb2 Rc3 27.
Kf1 Rfc8 28. Rba2 R8c4 29. Ke2 Kg8 30. Kf3 Kf7 31. Kf4 Kg6 32. g4 Rc2 33. g5
Rxa2 34. Rxa2 Ra4 0-1

[Event "Youth Classic 2019 - Youth Open U14"]
[Site "Bad Soden, Hasselgrundhalle"]
[Date "2019.10.04"]
[Round "2.2"]
[White "Alt, Johannes"]
[Black "Colditz, Elias"]
[Result "0-1"]
[WhiteElo "1200"]
[BlackElo "1676"]
[PlyCount "62"]
[EventDate "2019.??.??"]
[WhiteTeam "SF Heidesheim"]
[BlackTeam "SV Multatuli Ingelheim e.V."]

1. d4 c5 2. c3 d5 3. Bf4 Nc6 4. e3 Bf5 5. Bb5 Qb6 6. Bxc6+ Qxc6 7. h3 Nf6 8.
Nd2 e6 9. Ngf3 Bd6 10. Be5 Bxe5 11. Nxe5 Qb6 12. b3 cxd4 13. cxd4 O-O 14. Qe2
Qa5 15. O-O Rac8 16. a4 Rc2 17. Rad1 Ne4 18. Ndc4 Qc3 19. Qf3 dxc4 20. g4 Nd2
21. Rxd2 Qxd2 22. gxf5 Rc1 23. Nxc4 Rxf1+ 24. Kxf1 Qd3+ 25. Kg2 Qxb3 26. Ne5
exf5 27. Qxf5 Qd5+ 28. Kg3 f6 29. e4 Qd6 30. Kg2 fxe5 31. dxe5 Qb6 0-1

[Event "Youth Classic 2019 - Youth Open U14"]
[Site "Bad Soden, Hasselgrundhalle"]
[Date "2019.10.04"]
[Round "2.3"]
[White "Özyar, Arin"]
[Black "Lehmann, Nils"]
[Result "0-1"]
[WhiteElo "1345"]
[BlackElo "1629"]
[PlyCount "32"]
[EventDate "2019.??.??"]
[WhiteTeam "SC Bad Soden"]
[BlackTeam "SV Lahn Limburg"]

1. e4 e6 2. d4 d5 3. Nc3 Nf6 4. Bd3 c5 5. Be3 Nc6 6. dxc5 d4 7. Qd2 dxe3 8.
Qxe3 a6 9. O-O-O Qc7 10. Nf3 Nd7 11. Nd5 Qa5 12. Nc3 Bxc5 13. Qe2 Bb4 14. Nb1
Qxa2 15. c3 Bc5 16. Na3 Bxa3 0-1

[Event "Youth Classic 2019 - Youth Open U14"]
[Site "Bad Soden, Hasselgrundhalle"]
[Date "2019.10.04"]
[Round "2.4"]
[White "Weyerer, Noah"]
[Black "Negru, Maximilian"]
[Result "1-0"]
[WhiteElo "1362"]
[BlackElo "1326"]
[PlyCount "63"]
[EventDate "2019.??.??"]
[WhiteTeam "SV Oberursel"]
[BlackTeam "SK Bad Homburg"]

1. d4 d5 2. Bf4 Nf6 3. e3 Bf5 4. c4 e6 5. Nc3 Bb4 6. Qb3 Bxc3+ 7. Qxc3 O-O 8.
Bd3 Bxd3 9. Qxd3 Qe7 10. c5 Nbd7 11. Nf3 Rac8 12. O-O h6 13. Nd2 e5 14. Bg3 e4
15. Qc3 c6 16. Bd6 Qe6 17. Bxf8 Rxf8 18. b4 Rc8 19. a4 a6 20. Rfb1 b6 21. cxb6
Nxb6 22. a5 Na8 23. Nb3 Rb8 24. Rc1 Rc8 25. Nc5 Qd6 26. Nxa6 Ng4 27. g3 Qf6 28.
Rc2 Qg6 29. b5 h5 30. h4 Nc7 31. Nxc7 Rxc7 32. b6 1-0

[Event "Youth Classic 2019 - Youth Open U14"]
[Site "Bad Soden, Hasselgrundhalle"]
[Date "2019.10.04"]
[Round "2.5"]
[White "Haller, Christian"]
[Black "Lorenz, Alexander"]
[Result "1-0"]
[WhiteElo "1325"]
[BlackElo "1759"]
[PlyCount "75"]
[EventDate "2019.??.??"]
[WhiteTeam "SC Bad Soden"]
[BlackTeam "SV Bergwinkel"]

1. e4 c5 2. Nf3 d6 3. Bb5+ Bd7 4. Bxd7+ Qxd7 5. Nc3 g6 6. d4 cxd4 7. Nxd4 Bg7
8. Be3 Nc6 9. O-O Nf6 10. Qd2 O-O 11. Rae1 Rac8 12. f4 Ng4 13. Nce2 Nxe3 14.
Qxe3 Nxd4 15. Nxd4 Bxd4 16. Qxd4 Rxc2 17. Qxa7 Rxb2 18. Rb1 Qb5 19. Rbc1 Qe2
20. Rf2 Rxa2 21. Qxa2 Qxe4 22. Qe2 Qd5 23. Qxe7 Ra8 24. Qd7 Kg7 25. Rb1 b6 26.
Qb5 Qe4 27. Qxb6 Qd3 28. Qb3 Qe4 29. Rd1 Ra6 30. Qd3 Qc6 31. f5 Kg8 32. fxg6
hxg6 33. Qd5 Qd7 34. Rdf1 Ra7 35. h4 Kg7 36. Rxf7+ Qxf7 37. Rxf7+ Rxf7 38. Qxd6
1-0

[Event "Youth Classic 2019 - Youth Open U14"]
[Site "Bad Soden, Hasselgrundhalle"]
[Date "2019.10.04"]
[Round "2.6"]
[White "Hery, Bastian"]
[Black "Papadopoulos, Leon"]
[Result "1/2-1/2"]
[WhiteElo "1425"]
[BlackElo "1388"]
[PlyCount "60"]
[EventDate "2019.??.??"]
[WhiteTeam "Vorw.Orient Mainz"]
[BlackTeam "SV Oberursel"]

1. e4 e5 2. Nf3 Nc6 3. Bc4 Bc5 4. c3 Nf6 5. d4 exd4 6. cxd4 Bb4+ 7. Nc3 Nxe4 8.
O-O Bxc3 9. d5 Bf6 10. Re1 Ne7 11. Rxe4 d6 12. Bg5 Bxg5 13. Nxg5 h6 14. Qh5 O-O
15. Qe2 Ng6 16. Nf3 Bf5 17. Re3 Bg4 18. h3 Bxf3 19. Qxf3 Ne5 20. Qe4 Nxc4 21.
Qxc4 Qd7 22. Rae1 c6 23. Re7 cxd5 24. Qxd5 Qc6 25. Qf5 Rae8 26. Qa5 Rxe7 27.
Rxe7 Qc1+ 28. Kh2 Qf4+ 29. Kg1 Qc1+ 30. Kh2 Qf4+ 1/2-1/2

[Event "Youth Classic 2019 - Youth Open U14"]
[Site "Bad Soden, Hasselgrundhalle"]
[Date "2019.10.04"]
[Round "2.7"]
[White "Yakubjanov, Damin"]
[Black "Eull, Emil"]
[Result "0-1"]
[WhiteElo "1259"]
[BlackElo "1504"]
[PlyCount "98"]
[EventDate "2019.??.??"]
[WhiteTeam "Schachakademie Trier"]
[BlackTeam "SF Neuberg"]

1. e4 c5 2. Nf3 Nc6 3. Nc3 Nf6 4. Bc4 e6 5. d3 a6 6. O-O Be7 7. Bg5 O-O 8. Re1
b5 9. Bb3 Na5 10. e5 Ne8 11. Qd2 Nxb3 12. axb3 Bb7 13. Ne4 f6 14. Bh4 fxe5 15.
Bxe7 Qxe7 16. Nxe5 Nf6 17. Qg5 Rae8 18. Nxf6+ Rxf6 19. c3 Rxf2 20. Qxe7 Rxg2+
21. Kf1 Rxe7 22. Re2 Rxe2 23. Kxe2 d6 24. Nf3 Bxf3+ 25. Kxf3 Ra7 26. Ke4 Kf7
27. c4 bxc4 28. bxc4 Ke7 29. d4 cxd4 30. Kxd4 g5 31. b4 g4 32. b5 Kd7 33. c5
dxc5+ 34. Kxc5 Rc7+ 35. Kb4 axb5 36. Kxb5 h5 37. Rf1 Rc2 38. h4 Rh2 39. Kc5 Ke7
40. Kd4 Rxh4 41. Ke5 g3 42. Rf6 g2 43. Rxe6+ Kf7 44. Rf6+ Kg7 45. Ke6 Re4+ 46.
Kf5 Rf4+ 47. Kxf4 Kxf6 48. Kg3 g1=Q+ 49. Kh3 Ke7 0-1

[Event "Youth Classic 2019 - Youth Open U14"]
[Site "Bad Soden, Hasselgrundhalle"]
[Date "2019.10.04"]
[Round "2.8"]
[White "Welker, Alexandra"]
[Black "Dittenberger, Nico"]
[Result "1-0"]
[WhiteElo "1441"]
[BlackElo "1295"]
[PlyCount "59"]
[EventDate "2019.??.??"]
[WhiteTeam "TuS Makkabi"]
[BlackTeam "SC Landskrone"]

1. e4 e5 2. Nf3 Nc6 3. Bc4 Bc5 4. c3 Nf6 5. d4 exd4 6. e5 Qe7 7. O-O Ng4 8.
cxd4 Bb6 9. h3 Nh6 10. a3 O-O 11. Bxh6 gxh6 12. Nc3 d6 13. Nd5 Qd8 14. Nf6+ Kg7
15. Qd3 Rh8 16. Nh5+ Kf8 17. Qe3 dxe5 18. Qxh6+ Ke8 19. Nf6+ Ke7 20. Nd5+ Kd7
21. Nxb6+ cxb6 22. Nxe5+ Kc7 23. Nxf7 Qf8 24. Qf4+ Kd7 25. Rfe1 Ne7 26. Bb5+
Nc6 27. d5 a6 28. dxc6+ bxc6 29. Rad1+ Qd6 30. Qxd6# 1-0

[Event "Youth Classic 2019 - Youth Open U14"]
[Site "Bad Soden, Hasselgrundhalle"]
[Date "2019.10.04"]
[Round "2.9"]
[White "Kanno, Clara Yumi"]
[Black "Burkart, Lloyd Shang"]
[Result "1/2-1/2"]
[WhiteElo "1142"]
[BlackElo "1399"]
[PlyCount "92"]
[EventDate "2019.??.??"]
[WhiteTeam "SK Altenkirchen"]
[BlackTeam "TuS Makkabi"]

1. e4 c5 2. Nf3 e6 3. d4 cxd4 4. Nxd4 Nf6 5. Nc3 d6 6. Bg5 a6 7. Bc4 b5 8. Bb3
Nbd7 9. O-O Bb7 10. Kh1 Be7 11. Qd3 O-O 12. Bxe6 fxe6 13. Nxe6 Qb6 14. Nxf8
Rxf8 15. f4 Nc5 16. Qe3 Qc6 17. Rae1 b4 18. Bxf6 Bxf6 19. Nd5 Nxe4 20. Nxb4 Qc5
21. c3 Bh4 22. Re2 a5 23. Nd3 Qxe3 24. Rxe3 Ba6 25. Rd1 Bxd3 26. Rdxd3 Nf2+ 27.
Kg1 Nxd3 28. Rxd3 Be7 29. g3 Rb8 30. b3 Kf7 31. Kf2 Ke6 32. Ke3 Bf6 33. Ke4 Rb5
34. c4 Rc5 35. Rd5 Rxd5 36. cxd5+ Ke7 37. h3 g6 38. g4 h6 39. Ke3 Kd7 40. Ke4
Kc7 41. f5 g5 42. Kd3 Kb6 43. Kc4 Be5 44. a4 Bf6 45. b4 axb4 46. Kxb4 Ka6
1/2-1/2

[Event "Youth Classic 2019 - Youth Open U14"]
[Site "Bad Soden, Hasselgrundhalle"]
[Date "2019.10.04"]
[Round "2.10"]
[White "Akhmatovski, Maxim"]
[Black "Schmid, Leon"]
[Result "1/2-1/2"]
[WhiteElo "1359"]
[BlackElo "1546"]
[PlyCount "45"]
[EventDate "2019.??.??"]
[WhiteTeam "SV Oberursel"]
[BlackTeam "SF Heidesheim"]

1. e4 e6 2. d4 d5 3. e5 c5 4. c3 Qb6 5. Nf3 Bd7 6. Qb3 Nc6 7. Qxb6 axb6 8. Bd3
Nge7 9. a3 Rc8 10. Be3 h6 11. Nbd2 Ng8 12. O-O f6 13. Bg6+ Kd8 14. b4 c4 15.
Bf4 Be8 16. Nh4 f5 17. Bxe8 Kxe8 18. Ng6 Rh7 19. Bg3 Nge7 20. Nf4 g5 21. Nh5
Ng8 22. f4 Kf7 23. Be1 1/2-1/2

[Event "Youth Classic 2019 - Youth Open U14"]
[Site "Bad Soden, Hasselgrundhalle"]
[Date "2019.10.04"]
[Round "2.11"]
[White "Goetz, Fenja"]
[Black "Melchior, Christopher"]
[Result "1-0"]
[WhiteElo "1490"]
[BlackElo "1229"]
[PlyCount "47"]
[EventDate "2019.??.??"]
[WhiteTeam "SK Bad Homburg"]
[BlackTeam "SK Gernsheim"]

1. e4 e5 2. Nf3 Nc6 3. d4 exd4 4. Bc4 Bc5 5. c3 dxc3 6. Bxf7+ Kxf7 7. Qd5+ Ke8
8. Qh5+ g6 9. Qxc5 Qe7 10. Qxc3 Nf6 11. O-O d6 12. Bg5 Rf8 13. Re1 Be6 14. e5
dxe5 15. Nxe5 Nxe5 16. Qxe5 Kf7 17. Nc3 Rad8 18. Ne4 Kg7 19. Nxf6 Rxf6 20.
Bxf6+ Qxf6 21. Qxe6 Qxe6 22. Rxe6 Kf7 23. Rae1 Rd7 24. f3 1-0

[Event "Youth Classic 2019 - Youth Open U14"]
[Site "Bad Soden, Hasselgrundhalle"]
[Date "2019.10.04"]
[Round "2.12"]
[White "Vick, Edward"]
[Black "Gold, Jan Christian"]
[Result "0-1"]
[WhiteElo "1242"]
[BlackElo "1430"]
[PlyCount "54"]
[EventDate "2019.??.??"]
[WhiteTeam "TuS Makkabi Wiesbaden"]
[BlackTeam "Hamburger SK"]

1. e4 e6 2. d4 d5 3. exd5 exd5 4. Bd3 Nf6 5. Nf3 Be7 6. Bd2 O-O 7. O-O c5 8.
dxc5 Bxc5 9. c3 a5 10. a4 Qb6 11. Qc2 Ng4 12. Bf4 h6 13. Bg3 Nc6 14. Na3 Be6
15. Nb5 Rac8 16. Nd6 Bxd6 17. Bxd6 Rfd8 18. Bf4 d4 19. Bd2 dxc3 20. Bxc3 Nb4
21. Bh7+ Kh8 22. Qe4 Rc4 23. Qb1 Rf4 24. Bxb4 Rxb4 25. Bf5 Rxb2 26. Qe4 Nxf2
27. Qe1 Nd3+ 0-1

[Event "Youth Classic 2019 - Youth Open U14"]
[Site "Bad Soden, Hasselgrundhalle"]
[Date "2019.10.04"]
[Round "2.13"]
[White "Fischer, Juliane"]
[Black "Barthel, Jacob"]
[Result "1-0"]
[WhiteElo "1405"]
[BlackElo "1160"]
[PlyCount "45"]
[EventDate "2019.??.??"]
[WhiteTeam "SK Gernsheim"]
[BlackTeam "SV Hellas Nauen"]

1. e4 e5 2. Nf3 Nc6 3. Nc3 Nf6 4. a3 Be7 5. d4 exd4 6. Nxd4 Nxd4 7. Qxd4 c5 8.
Qd1 b6 9. Bd3 d6 10. Be3 Bd7 11. Qf3 Bc6 12. O-O d5 13. exd5 Nxd5 14. Bc4 Bd6
15. Bxd5 Bxd5 16. Nxd5 Qh4 17. Bf4 Bxf4 18. Qxf4 Qh5 19. Nc7+ Kd7 20. Rad1+ Kc8
21. Nxa8 Kb7 22. Rd7+ Kxa8 23. Qe4+ 1-0

[Event "Youth Classic 2019 - Youth Open U14"]
[Site "Bad Soden, Hasselgrundhalle"]
[Date "2019.10.04"]
[Round "2.15"]
[White "Nedilko, Marko"]
[Black "Kosak, Karolina"]
[Result "1-0"]
[WhiteElo "1407"]
[BlackElo "1207"]
[PlyCount "65"]
[EventDate "2019.??.??"]
[WhiteTeam "SC ML Kastellaun"]
[BlackTeam "SV Frankfurt Nord"]

1. e4 e5 2. Nf3 Nc6 3. Bc4 Bc5 4. c3 Nf6 5. d4 exd4 6. cxd4 Bb4+ 7. Nc3 Nxe4 8.
O-O Bxc3 9. d5 Bf6 10. dxc6 O-O 11. Bd5 Nc5 12. Be3 b6 13. Bxc5 bxc5 14. cxd7
Ba6 15. Bxa8 Bxf1 16. Be4 Bb5 17. Bf5 Be7 18. a4 Bc6 19. Ne5 Bb7 20. Qg4 Bd6
21. Nc4 Bc6 22. Nxd6 cxd6 23. Rd1 Qc7 24. Rd3 Rd8 25. Qh4 h6 26. Rxd6 Bxd7 27.
g3 g5 28. Qxh6 Bxf5 29. Qxg5+ Bg6 30. Rxd8+ Kg7 31. Qd2 Qe7 32. Qc3+ Kh7 33.
Qh8# 1-0

[Event "Youth Classic 2019 - Youth Open U14"]
[Site "Bad Soden, Hasselgrundhalle"]
[Date "2019.10.04"]
[Round "2.16"]
[White "Strauß, Florian"]
[Black "Miranda Martin, Pablo Mateo"]
[Result "0-1"]
[WhiteElo "1127"]
[BlackElo "1606"]
[PlyCount "58"]
[EventDate "2019.??.??"]
[WhiteTeam "SV Multatuli Ingelheim e.V."]
[BlackTeam "SK Gau-Algesheim"]

1. e4 c5 2. Nf3 Nc6 3. c4 Nf6 4. d3 d6 5. Bg5 h6 6. Bf4 Nh5 7. Be3 Nf6 8. Be2
Bg4 9. Nc3 e5 10. h3 Bh5 11. O-O Be7 12. Qa4 O-O 13. Qb5 Qd7 14. Nd5 a6 15.
Nxe7+ Qxe7 16. Qb3 Rfb8 17. a4 Ne8 18. Rfb1 Nc7 19. Qd1 Ne6 20. Nxe5 Bxe2 21.
Nxc6 bxc6 22. Qxe2 Rb7 23. Qg4 Qf6 24. Qe2 Rab8 25. Ra2 Rb3 26. Qc2 Nd4 27. Qd2
R3b4 28. Bxd4 Qxd4 29. Qc3 Qxc3 0-1

[Event "Youth Classic 2019 - Youth Open U14"]
[Site "Bad Soden, Hasselgrundhalle"]
[Date "2019.10.04"]
[Round "2.17"]
[White "Trenz, Finn"]
[Black "Riemann, Adrian"]
[Result "1-0"]
[WhiteElo "1471"]
[BlackElo "1105"]
[PlyCount "55"]
[EventDate "2019.??.??"]
[WhiteTeam "SK Gau-Algesheim"]
[BlackTeam "SK Bickenbach"]

1. e4 e6 2. d4 d5 3. exd5 exd5 4. Nf3 Nf6 5. Bg5 Be7 6. Nc3 Be6 7. Be2 Ne4 8.
Bxe7 Qxe7 9. O-O Nxc3 10. bxc3 Nc6 11. Re1 O-O 12. c4 Rad8 13. cxd5 Bxd5 14.
Bd3 Bxf3 15. Qxf3 Qa3 16. Bxh7+ Kxh7 17. Qxa3 Nxd4 18. Qh3+ Kg8 19. Rac1 Rfe8
20. Rxe8+ Rxe8 21. Kf1 Kf8 22. Qd7 c5 23. Qd6+ Kg8 24. Qxc5 Nc6 25. Re1 Rd8 26.
c3 Rd2 27. Re8+ Kh7 28. Qh5# 1-0

[Event "Youth Classic 2019 - Youth Open U14"]
[Site "Bad Soden, Hasselgrundhalle"]
[Date "2019.10.04"]
[Round "2.18"]
[White "Stiehl, Richard"]
[Black "Li, Toplink"]
[Result "1-0"]
[WhiteElo "1243"]
[BlackElo "987"]
[PlyCount "59"]
[EventDate "2019.??.??"]
[WhiteTeam "SV Multatuli Ingelheim e.V."]
[BlackTeam "Frankfurter TV"]

1. e4 e5 2. Nf3 Nc6 3. Bc4 Bc5 4. d3 Nf6 5. Bg5 O-O 6. Nc3 h6 7. Bh4 Ne7 8. O-O
Ng6 9. Bg3 d6 10. h3 Bd7 11. Nh4 Nxh4 12. Bxh4 c6 13. a3 Bd4 14. Rb1 b5 15. Bb3
a5 16. Ne2 Bb6 17. c3 a4 18. Bc2 c5 19. d4 Re8 20. dxe5 dxe5 21. Bxf6 gxf6 22.
Ng3 Kh7 23. Qh5 Re7 24. Nf5 Bxf5 25. Qxf5+ Kg7 26. f4 Qd2 27. Rbc1 b4 28. fxe5
fxe5 29. Qf6+ Kf8 30. Qh8# 1-0

[Event "Youth Classic 2019 - Youth Open U14"]
[Site "Bad Soden, Hasselgrundhalle"]
[Date "2019.10.04"]
[Round "2.20"]
[White "Müller, Maurice-Pascal"]
[Black "Fischer, Frederik"]
[Result "1-0"]
[WhiteElo "1683"]
[BlackElo "878"]
[PlyCount "55"]
[EventDate "2019.??.??"]
[WhiteTeam "SC Landskrone"]
[BlackTeam "SV Oberursel"]

1. e4 e5 2. Nf3 Nc6 3. Bb5 a6 4. Ba4 Nf6 5. O-O Nxe4 6. Re1 d5 7. Nxe5 Bd7 8.
Nxd7 Qxd7 9. d3 b5 10. Bb3 Qf5 11. dxe4 dxe4 12. Qd5 Ne7 13. Qxa8+ Nc8 14.
Qxe4+ Qxe4 15. Rxe4+ Be7 16. Nc3 Nd6 17. Re1 Nf5 18. Nd5 c6 19. Nxe7 Nxe7 20.
Bg5 f6 21. Bf4 Kf8 22. Bd6 a5 23. Bxe7+ Ke8 24. Bxf6+ Kd7 25. Rad1+ Kc7 26.
Re7+ Kb6 27. Bd4+ Ka6 28. Ra7# 1-0

[Event "Youth Classic 2019 - Youth Open U14"]
[Site "Bad Soden, Hasselgrundhalle"]
[Date "2019.10.04"]
[Round "2.21"]
[White "Sauer, Daniel"]
[Black "Vucinec, Myla"]
[Result "1-0"]
[WhiteElo "1133"]
[BlackElo "876"]
[PlyCount "61"]
[EventDate "2019.??.??"]
[WhiteTeam "Post  Schw. Hall"]
[BlackTeam "Sfr. Kelkheim"]

1. e4 e5 2. Nf3 Nc6 3. Bc4 Bc5 4. Nc3 Nf6 5. d3 d6 6. Bg5 h6 7. Bh4 Bg4 8. Nd5
g5 9. Bg3 Nd4 10. h3 Bxf3 11. gxf3 Qd7 12. Nxf6+ Ke7 13. Nxd7 Kxd7 14. c3 Nc6
15. Qa4 f6 16. Bd5 Raf8 17. Bxc6+ bxc6 18. d4 exd4 19. cxd4 Bb6 20. d5 Ke7 21.
Qxc6 Rb8 22. O-O Ba5 23. h4 gxh4 24. Bxh4 Rhg8+ 25. Kh2 Rg7 26. e5 dxe5 27.
Bxf6+ Kf8 28. Bxg7+ Kxg7 29. Rg1+ Kh7 30. Qg6+ Kh8 31. Qg7# 1-0

[Event "Youth Classic 2019 - Youth Open U14"]
[Site "Bad Soden, Hasselgrundhalle"]
[Date "2019.10.04"]
[Round "2.22"]
[White "Chhajed, Divyam"]
[Black "Munteanu, Rares"]
[Result "1-0"]
[WhiteElo "1112"]
[BlackElo "871"]
[PlyCount "111"]
[EventDate "2019.??.??"]
[WhiteTeam "SK Bickenbach"]
[BlackTeam "SK Bickenbach"]

1. Nf3 Nf6 2. d4 g6 3. c4 Bg7 4. Nc3 O-O 5. e4 d6 6. Bd2 Nbd7 7. Bg5 e5 8. Nd5
b6 9. Be2 h6 10. Bh4 Bb7 11. Qd2 c5 12. Nxf6+ Nxf6 13. d5 Nxe4 14. Bxd8 Nxd2
15. Nxd2 Raxd8 16. a4 a5 17. Ra3 Rb8 18. Rb3 Bc8 19. Ne4 Rd8 20. O-O Bf5 21.
Ng3 Bd7 22. Ra3 Re8 23. Ne4 Re7 24. Nxd6 e4 25. Re1 Bxb2 26. Rb3 Bd4 27. Nb5
Bxb5 28. axb5 Re5 29. Bg4 h5 30. Bh3 f5 31. Kf1 Kf7 32. f3 Rf8 33. f4 Ree8 34.
Re2 Kf6 35. g3 Re7 36. Bg2 Rfe8 37. h4 Kg7 38. Rd2 e3 39. Re2 Rd7 40. Bf3 Kh6
41. Bh1 Kg7 42. Kg2 Kh6 43. Kh3 Rdd8 44. Rd3 Rc8 45. Bf3 Rg8 46. Re1 Rce8 47.
Red1 e2 48. Re1 Bf2 49. Rxe2 Rxe2 50. Bxe2 Bd4 51. Bf3 a4 52. Ra3 Ra8 53. d6
Bb2 54. Bxa8 Bxa3 55. d7 Bb4 56. d8=Q 1-0

[Event "Youth Classic 2019 - Youth Open U14"]
[Site "Bad Soden, Hasselgrundhalle"]
[Date "2019.10.04"]
[Round "2.23"]
[White "Tychyna, Margarita"]
[Black "Müller, Mirelle-Fabienne"]
[Result "1-0"]
[WhiteElo "1088"]
[BlackElo "870"]
[PlyCount "85"]
[EventDate "2019.??.??"]
[WhiteTeam "SK Bad Homburg"]
[BlackTeam "SC Landskrone"]

1. e4 e5 2. Nf3 Nc6 3. d4 d6 4. d5 Nce7 5. Nc3 Bg4 6. h3 Bxf3 7. Qxf3 Nf6 8.
Bg5 Ng6 9. Bxf6 Qxf6 10. Bb5+ Kd8 11. Qg4 Qe7 12. O-O-O Nh4 13. Rd3 h5 14. Qg3
a6 15. Bc4 b5 16. Bb3 c5 17. Nb1 c4 18. Bxc4 bxc4 19. Rc3 Rc8 20. Na3 f5 21.
Nxc4 f4 22. Qd3 Qa7 23. Na5 Rc7 24. Nc6+ Rxc6 25. Rxc6 a5 26. Qc3 Qxf2 27. Rc8+
Ke7 28. Qc6 Qxg2 29. Re8+ Kf7 30. Qd7+ Kg8 31. Rd1 f3 32. Rxf8+ Kxf8 33. Qd8+
Kf7 34. Qxh8 f2 35. Qxh5+ g6 36. Qh7+ Kf6 37. Qxh4+ Kf7 38. Qh7+ Kf6 39. Qg8
f1=R 40. Qf8+ Kg5 41. Rxf1 Qxe4 42. Rg1+ Kh5 43. Qh8# 1-0